000 01036nam a2200289Ia 4500
003 OSt
005 20221005110615.0
006 a|||||r|||| 00| 0
007 ta
008 221004b |||||||| |||| 00| 0 hin d
020 _a9788126320646 (hbk)
_cINR 270.00
024 _a37061
037 _bBW/1691, 15/03/2018, Bookwell
_cTextual
040 _aCRL
_cCRL
_bhin
041 _2hin
_ahin
082 _aO152,3N68,PH, Q1
100 _aगौड़, विजय, ले.
245 0 _aफॉंस
246 _aFaॉansa
260 _aनई दिल्ली
_bभारतीय ज्ञानपीठ भारत
_c2011
300 _a276पृ0
_ccm.
490 _aलोकोदय ग्रन्थमाला; ग्रन्थांक 1062
650 _a हिन्दी साहित्य
650 _aहिन्दी कहानी
942 _hO152,3N68,PH, Q1
_cTEXL
_2cc
999 _c1019334
_d1019334